000 00770nam a2200181 i 4500
001 154258
003 ES-MaACL
005 20260315185733.0
008 931025s1871 po |||| | por d
100 1 _aGarrett, Almeida.
_955660
245 1 0 _aHelena
_b: fragmento de un romance inedito : precedido do catalogo dos autographos, diplomas, documentos politicos e litterarios pertenecentes ao Sr. Visconde de Almeida-Garrett /
_cpelo Visconde de Almeida-Garrett.
260 _aLisboa :
_b[s.n.],
_c1871 (
_fImprensa Nacional)
300 _aLII, 185 p. ;
_c17 cm.
490 1 _aObras do Visconde de Almeida-Garrett ;
_v22
830 0 _aObras do Visconde de Almeida-Garrett
_v22
_9187864
852 _aES-MaACL
_jG-8630
_z-- Enc. pasta espaƱola
999 _c154258
_d154258